书目信息 |
| 题名: |
中国绿色低碳经济区域布局研究
|
|
| 作者: | 郭亦玮 , 宋晓华 著 | |
| 分册: | ||
| 出版信息: | 北京 煤炭工业出版社 2011.5 |
|
| 页数: | 225页 | |
| 开本: | 21cm | |
| 丛书名: | ||
| 单 册: | ||
| 中图分类: | F123.1 , F124 , F123.1 | |
| 科图分类: | ||
| 主题词: | 气候变化--影响--区域布局--研究--中国 | |
| 电子资源: | ||
| ISBN: | 978-7-5020-3843-4 | |
| 000 | 01261nam0 2200277 45 | |
| 001 | 512 | |
| 005 | 20120531153614.90 | |
| 010 | @a978-7-5020-3843-4@dCNY21.00 | |
| 100 | @a20120328d2011 em y0chiy0121 ea | |
| 101 | 0 | @achi |
| 102 | @aCN@b110000 | |
| 105 | @aak a 000yy | |
| 106 | @ar | |
| 200 | 1 | @a中国绿色低碳经济区域布局研究@AZhong Guo Lu^ Se Di Tan Jing Ji Qu Yu Bu Ju Yan Jiu@f宋晓华, 郭亦玮著@FSong Xiao Hua , Guo Yi Wei Zhu |
| 210 | @a北京@c煤炭工业出版社@d2011.5 | |
| 215 | @a225页@c图@d21cm | |
| 320 | @a有书目 (第213-225页) | |
| 330 | @a本书以低碳经济和应对全球化气候变化的视角对我国绿色低碳经济区域布局进行讨论。为增加研究的可操作性, 本书以河北省为例, 利用绿色低碳经济区域布局相关理论, 结合河北省资源、环境、经济发展与产业布局现状进行深入研究分析, 在借鉴其他省市发展绿色低碳经济规划经验的基础上, 联系河北省本省实际, 提出了加快实现河北省红色低碳经济区域布局的原则要求和“一环”、“两带”、“两区”和“多点”的总体建设方案, 并给出了制定相关扶持政策及保障措施的建议。 | |
| 606 | 0 | @a气候变化@x影响@x区域布局@x研究@y中国 |
| 690 | @aF123.1@v5 | |
| 690 | @aF124@v5 | |
| 690 | @aF123.1@v4 | |
| 701 | 0 | @a郭亦玮@AGuo Yi Wei@4著 |
| 701 | 0 | @a宋晓华@ASong Xiao Hua@4著 |
| 801 | 0 | @aCN@bTSTCL@c20120328 |
| 905 | @b0814588-94@dF123.1@e207@f7 | |
| 中国绿色低碳经济区域布局研究/宋晓华, 郭亦玮著.-北京:煤炭工业出版社,2011.5 |
| 225页:图;21cm |
| ISBN 978-7-5020-3843-4:CNY21.00 |
| 本书以低碳经济和应对全球化气候变化的视角对我国绿色低碳经济区域布局进行讨论。为增加研究的可操作性, 本书以河北省为例, 利用绿色低碳经济区域布局相关理论, 结合河北省资源、环境、经济发展与产业布局现状进行深入研究分析, 在借鉴其他省市发展绿色低碳经济规划经验的基础上, 联系河北省本省实际, 提出了加快实现河北省红色低碳经济区域布局的原则要求和“一环”、“两带”、“两区”和“多点”的总体建设方案, 并给出了制定相关扶持政策及保障措施的建议。 |
| ● |
| 相关链接 |
|
|
|
|
正题名:中国绿色低碳经济区域布局研究
索取号:F123.1/207
 
预约/预借
| 序号 | 登录号 | 条形码 | 馆藏地/架位号 | 状态 | 备注 |
| 1 | 0814588 | 208145880 | 第一样本阅览室/ [索取号:F123.1/207] | 在馆 | |
| 2 | 0814589 | 208145899 | 第一借阅区/ [索取号:F123.1/207] | 在馆 | |
| 3 | 0814590 | 208145906 | 第一借阅区/ [索取号:F123.1/207] | 在馆 | |
| 4 | 0814591 | 208145915 | 第一借阅区/ [索取号:F123.1/207] | 在馆 | |
| 5 | 0814592 | 208145924 | 第一借阅区/ [索取号:F123.1/207] | 在馆 | |
| 6 | 0814593 | 208145933 | 第一借阅区/ [索取号:F123.1/207] | 在馆 | |
| 7 | 0814594 | 208145942 | 第一借阅区/ [索取号:F123.1/207] | 在馆 |